Hampson (t/a Abbey Self Storage) v Newcastle Upon Tyne CC (Record no. 14290)

MARC details
000 -LEADER
fixed length control field 00980cab a2200229 4500
001 - CONTROL NUMBER
control field ABS56110
008 - FIXED-LENGTH DATA ELEMENTS--GENERAL INFORMATION
fixed length control field 090401t1996 xxu||||| |||| 00| 0 eng d
035 ## - SYSTEM CONTROL NUMBER
System control number (Sirsi) u21285
041 ## - LANGUAGE CODE
Language code of text/sound track or separate title eng
245 ## - TITLE STATEMENT
Title Hampson (t/a Abbey Self Storage) v Newcastle Upon Tyne CC
260 ## - PUBLICATION, DISTRIBUTION, ETC.
Date of publication, distribution, etc. 1996
350 ## - PRICE (NR) (BK AM CF MU VM SE) [OBSOLETE]
Price 0
490 ## - SERIES STATEMENT
Series statement Rating Appeals
Volume/sequential designation [1996] RA 325-340(9)
520 ## - SUMMARY, ETC.
Summary, etc. CA 18 January 1996. The appellant was the owner of a building divided into 7 separate hereditaments to be used for storage when customers were found. Appeal was against rates applied to certain of the hereditaments, claiming they did not fall into category of rateable occupation. Appeal allowed, overturning QBD decision of 24 November 1994 see Abs53503.
650 ## - SUBJECT ADDED ENTRY--TOPICAL TERM
Topical term or geographic name entry element HAMPSON (T/A ABBEY SELF STORAGE) V NEWCASTLE UPON TYNE DC
650 ## - SUBJECT ADDED ENTRY--TOPICAL TERM
Topical term or geographic name entry element RATEABLE OCCUPATION
650 ## - SUBJECT ADDED ENTRY--TOPICAL TERM
Topical term or geographic name entry element RATING APPEALS
650 ## - SUBJECT ADDED ENTRY--TOPICAL TERM
Topical term or geographic name entry element STORAGE SPACE
690 ## - LOCAL SUBJECT ADDED ENTRY--TOPICAL TERM (OCLC, RLIN)
Topical term or geographic name as entry element RATING AND VALUATION-CASE LAW
942 ## - ADDED ENTRY ELEMENTS (KOHA)
Suppress in OPAC 0
948 ## - LOCAL PROCESSING INFORMATION (OCLC); SERIES PART DESIGNATOR (RLIN)
c (OCLC) 04/03/1997
Holdings
Withdrawn status Lost status Source of classification or shelving scheme Damaged status Not for loan Home library Current library Shelving location Date acquired Total Checkouts Full call number Barcode Date last seen Copy number Price effective from Koha item type
    Dewey Decimal Classification     London London Journal article 14/09/1999   ABS56110 21285-1001 06/08/2019 1 06/08/2019 Law report